007700a00a22003010004500010000600000024000600006027000600012020001800018210007100036245007100107100001400178100001600192100001900208100001800227260002100245260000900266300001600275306002600291306002600317306002000343306002100363306002800384016001600412015000900428650001100437041000800448080001200456 aB aM qT a0 08 029852 4 aSolar heating and cooling systems design for Australian conditions aSolar heating and cooling systems design for Australian conditions aBaker, E. aFloro, C.T. aGostelow, J.P. aMcCaffrey, J. aPergamonbSydney c1984 a319p,tables aSolar heating systems aSolar cooling systems aSolar radiation aSolar collectors aThermal energy storage a662.997 SOL a4686 aEnergy aeng a662.997